| 000 | 00631cab a2200205 4500 | ||
|---|---|---|---|
| 001 | WB2629-27 | ||
| 008 | 090401t1990 xxu||||| |||| 00| 0 eng d | ||
| 035 | _a(Sirsi) u22534 | ||
| 041 | _aeng | ||
| 245 | _aUS property doldrums | ||
| 260 | _c1990 | ||
| 350 | _a0 | ||
| 490 |
_aFinancial Times _v26/7/90 p21 (2) |
||
| 520 | _aWith the average office vacancy rate in the US already at 20%, analysts do not believe the property market has bottomed out yet; some not expecting recovery for over two years. | ||
| 650 | _aBANKS | ||
| 650 | _aRECESSION | ||
| 690 | _aOVERSEAS-NORTH AMERICA | ||
| 942 | _n0 | ||
| 948 | _c04/03/1997 | ||
| 999 |
_c15102 _d15102 |
||